000 00460pab a2200181 454500
008 180718b2011 xxu||||| |||| 00| 0 eng d
100 _aKumar, P.Surya
245 _aProductivity trends in some selected Indian steel firms
260 _c2011
300 _ap.1-11.
362 _aApr-Jun
650 _aIndia - Steel Industries
650 _aSteel Industry
700 _aNaidu, V. Balakrishnama
773 _aProductivity
908 _aN
909 _a97316
999 _c97316
_d97316